| 000 | 00849cam a2200205 4500 | ||
|---|---|---|---|
| 001 | WB3802-16 | ||
| 008 | 020115n2002 000 0 eng u | ||
| 035 | _a(Sirsi) u116298 | ||
| 245 | _aSurvey of Scottish housing stock launched | ||
| 260 | _c2002 | ||
| 490 |
_aHousing Today _v(266) 10 January 2001, 5(1) |
||
| 520 | _aCommunities Scotland, on behalf of the Scottish Executive, is to carry out the most comprehensive study of Scotland's housing stock to date, to inform future housing policy. Two linked surveys will examine the physical condition of 30,000 homes, and a social survey will examine the quality of life in neighbourhoods. Results to be published mid-2003. | ||
| 590 | _aWB | ||
| 650 | _aHOUSING STOCK | ||
| 650 | _aHOUSING SURVEY | ||
| 650 | _aHOUSING CONDITION | ||
| 650 | _aSCOTLAND | ||
| 690 | _aHOUSING | ||
| 942 | _n0 | ||
| 999 |
_c69278 _d69278 |
||